000 00643nam a22001697a 4500
003 OSt
005 20171010095504.0
008 120730t xxu||||| |||| 00| 0 eng d
040 _aMMSU
_cULS
100 _aSimpliciano, Rolyson B.
_911611
245 _aComparative study on the integrated use of banana (Musa sapientum) and bamboo (Bambusa sp.) wastes for mushroom and biopulp production
_cRolyson B. Simpliciano
260 _c2008
300 _axix, 62 leaves
_c28 cm.
500 _aThesis (BS Biology) -- Mariano Marcos State University-College of Arts & Sciences, Batac City
504 _aBibliography: leaves 30-31
942 _2ddc
_cTHEDIS
999 _c9667
_d9667